Patronus ou pas ? - Statistiques

Statistiques générales
  • Ce quiz a été pris 26 fois
  • Le résultat moyen est 4 sur 15
Answers on the Grid
Answers color-coded by a green-red scale on the quiz's grid according to % correct below.
Aigle
Alligator
Belette
Biche
Blaireau
Bouc
Cerf
Chat
Cheval
Cochon
Coyote
Cygne
Dauphin
Kangourou
Gorille
Jack Russell terrier
Jaguar
Léopard
Lièvre
Lion
Loup
Loutre
Narval
Panda
Phénix
Pie
Renard
Rhinocéros
Sanglier
Serpent
 
Statistiques - réponses
Réponse % Correct
Biche
70%
Belette
50%
Chat
45%
Cerf
40%
Phénix
30%
Bouc
25%
Cheval
25%
Jack Russell terrier
25%
Lièvre
25%
Loutre
25%
Cygne
20%
Loup
20%
Renard
20%
Pie
10%
Sanglier
10%
Aucun quiz correspondant
Distribution des résultats
% des personnes avec chaque résultat
Percentile par nombre de réponses
Votre historique - résultats
Vous n’avez pas pris ce quiz